000
00266nam a22001097a 4500
082
_a
741.642
100
_a
Mahendra Singh
_9
83489
245
_a
the Incredible Science Activity Book
260
_a
Delhi
_b
Holy Light Pub.
_c
2016
650
_a
children book
942
_c
BK
999
_c
68421
_d
68421